000 00636nam a22001337a 4500
999 _c60880
_d60880
005 20231114120704.0
008 231114s1982 ru ||||| |||| 00| 0 rus d
080 _a902.6 Г-67
245 _aГоргиппия:
_bВыпуск 2. (Материалы Анапской археологической экспедиции) /
264 _aКраснодар :
_bКрасноярское книжное издательство,
_c1982.
300 _a188 стр.:
_bил.;
_c21 см.
653 _aანაპას არქეოლოგიური ექსპედიციის მასალები
942 _2udc
_cᲬᲘᲒᲜᲘ